| 000 | 00818nam a2200181Ia 4500 | ||
|---|---|---|---|
| 008 | 090124s9999 xx 000 0 und d | ||
| 082 | _b103064 | ||
| 100 | _aगोखले वा.दा. | ||
| 245 | _a हिंदच्या स्वातंत्र्याचे जनक नेताजी सुभाषचंद्र बोस | ||
| 250 | _a1 | ||
| 260 | _c1949 | ||
| 300 | _a32 | ||
| 600 | _aगोखले वा.दा. | ||
| 630 | _a हिंदच्या स्वातंत्र्याचे जनक नेताजी सुभाषचंद्र बोस | ||
| 700 | _aगोखले वा.दा. | ||
| 730 | _a हिंदच्या स्वातंत्र्याचे जनक नेताजी सुभाषचंद्र बोस | ||
| 942 | _cBOOK | ||
| 999 |
_c149156 _d149156 |
||